Statistics for Flags with STARS

Click here to take the quiz!

General Stats

  • This quiz has been taken 604 times
    (567 since last reset)
  • The average score is 35 of 69

Answer Stats

Answer % Correct
United States
96%
Australia
90%
New Zealand
88%
China
86%
Turkey
77%
Vietnam
74%
Algeria
72%
Brazil
69%
Tunisia
68%
Pakistan
66%
Morocco
66%
Chile
62%
Venezuela
62%
Syria
60%
Somalia
60%
Ghana
59%
North Korea
59%
Tuvalu
58%
Malaysia
58%
Cuba
58%
Libya
56%
Panama
55%
Federated States of Micronesia
55%
Israel
55%
Senegal
54%
Cameroon
54%
Singapore
54%
Azerbaijan
53%
Turkmenistan
53%
Uzbekistan
53%
Burma
53%
Marshall Islands
51%
Ethiopia
51%
Solomon Islands
50%
Democratic Republic of the Congo
50%
Liberia
49%
Angola
49%
Mauritania
49%
Jordan
49%
Honduras
49%
Nauru
49%
Samoa
48%
Comoros
48%
Saint Kitts & Nevis
46%
Tajikistan
46%
Togo
45%
Djibouti
44%
Bosnia & Herzegovina
42%
Dominica
42%
Burkina Faso
41%
South Sudan
40%
Zimbabwe
40%
Sao Tome & Principe
40%
Guinea-Bissau
40%
Papua New Guinea
39%
Kosovo
39%
Philippines
38%
Suriname
38%
Burundi
36%
Cape Verde
35%
Grenada
33%
East TImor
33%
Paraguay
32%
Mozambique
32%
Slovenia
26%
Croatia
26%
Equatorial Guinea
25%
Central African Republic
24%
Moldova
19%

Score Distribution

Percentile by Number Answered

Percent of People with Each Score

Your Score History

You have not taken this quiz since the last reset